A pu -k lativusrag fejleményei a déli szamojédban
In the light of newly published material, the author investigates various Selkup and Kamassian suffixes containing the developments of PU -K and gives her reasons why she does interpret them as continuations of the PU lative suffix.
Elmentve itt :
| Szerző: | |
|---|---|
| Dokumentumtípus: | Cikk |
| Megjelent: |
1972
|
| Sorozat: | Acta Universitatis Szegediensis : sectio ethnographica et linguistica = néprajz és nyelvtudomány = étnografiâ i azykoznanie = Volkskunde und Sprachwissenschaft
15-16 |
| Kulcsszavak: | Szamojéd nyelv |
| Tárgyszavak: | |
| Online Access: | http://acta.bibl.u-szeged.hu/3521 |
| LEADER | 01098nab a2200229 i 4500 | ||
|---|---|---|---|
| 001 | acta3521 | ||
| 005 | 20220905093736.0 | ||
| 008 | 161015s1972 hu o 0|| hun d | ||
| 022 | |a 0586-3716 | ||
| 040 | |a SZTE Egyetemi Kiadványok Repozitórium |b hun | ||
| 041 | |a hun | ||
| 041 | |a eng | ||
| 100 | 1 | |a Labádi Gizella | |
| 245 | 1 | 2 | |a A pu -k lativusrag fejleményei a déli szamojédban |h [elektronikus dokumentum] / |c Labádi Gizella |
| 260 | |c 1972 | ||
| 300 | |a 51-56 | ||
| 490 | 0 | |a Acta Universitatis Szegediensis : sectio ethnographica et linguistica = néprajz és nyelvtudomány = étnografiâ i azykoznanie = Volkskunde und Sprachwissenschaft |v 15-16 | |
| 520 | 3 | |a In the light of newly published material, the author investigates various Selkup and Kamassian suffixes containing the developments of PU -K and gives her reasons why she does interpret them as continuations of the PU lative suffix. | |
| 650 | 4 | |a Bölcsészettudományok | |
| 650 | 4 | |a Nyelvek és irodalom | |
| 695 | |a Szamojéd nyelv | ||
| 856 | 4 | 0 | |u http://acta.bibl.u-szeged.hu/3521/1/etno_lingu_015_016_051-056.pdf |z Dokumentum-elérés |